000 01467nam a2200241Ia 4500
999 _c37778
_d37778
001 3755
003 GE_BSU
005 20190813153245.0
008 181216s1984||||ge |||||||||||||| ||geo||
040 _cGE_BSU
041 _ageo
080 _a016:615 ქ–84
245 _aიოველ ქუთათელაძე (1887–1963) :
_bბიობიბლიოგრაფია /
_cსაქ. სსრ მეცნ. აკად., ცენტრ. სამეცნ. ბიბ-კა ; შემდგ. გ. მგელაძე-ბორჯაძე ; რედ.: ე. ქემერტელიძე, ს. ხადური ; ბიბლიოგრ. რედ. თ. ნაკაშიძისა ; წინასიტყვ. ავტ. ე. ქემერტელიძე.
264 _aთბილისი :
_bმეცნიერება,
_c1984.
300 _a86 გვ. ;
_b21 სმ.
490 _aქართველი მეცნიერები
600 _aქუთათელაძე იოველ
_93548
653 _aფარმაცია - ბიბლიოგრაფია
653 _aქართველ ფარმაცევტთა ბიობიბლიოგრაფია
700 _aმგელაძე-ბორჯაძე, გ.
_eშემდგენელი
_93549
700 _aქემერტელიძე, ე.
_eრედაქტორი
_93550
942 _cBK
_2udc